| 000 | 00582nam a2200181Ia 4500 | ||
|---|---|---|---|
| 008 | 140429s9999 xx 000 0 und d | ||
| 020 | _a9780071278515 | ||
| 050 |
_aTX 911.3.M27 _b.An565 2007 |
||
| 100 | _aAndrews, Sudhir | ||
| 245 |
_aIntroduction to tourism and hospitality industry / _cSudhir Andrews. |
||
| 260 |
_aNew Delhi : _bMcGraw-Hill, _cc2007. |
||
| 300 |
_a236 p. : _bill. ; _c25 cm. |
||
| 521 | _aTOU | ||
| 650 | _aBusiness & economics/Industries /History, Travel & Tourism. | ||
| 650 |
_aHospitality industry _xManagement. |
||
| 942 |
_kFOR _cBK |
||
| 999 |
_c115618 _d115618 |
||